Estudios de la moda en Colombia : recorridos de una pregunta en construcción /

Guardat en:
Dades bibliogràfiques
Autor principal: Salazar Celis, Edward (edición)
Format: Llibre
Idioma:espanyol
Publicat: Bogotá, Colombia : Universidad de Bogotá Jorge Tadeo Lozano : Universidad Santo Tomás, 2022, c2022
Matèries:
Etiquetes: Afegir etiqueta
Sense etiquetes, Sigues el primer a etiquetar aquest registre!

MARC

LEADER 00000nam^a2200000^a^4500
001 000576721
005 20250521000000.0
009 20260310132433.871
020 |a 978-958-725-326-9 
037 |a Acervo ITESO - Biblioteca 
041 |a ESP 
082 |a 746. 9209861  |b SAL 
100 |a Salazar Celis, Edward  |e (edición) 
245 1 0 |a Estudios de la moda en Colombia :  |b recorridos de una pregunta en construcción /  |c Ed. y presen. de E. Salazar Celis. 
264 4 |a Bogotá, Colombia :  |b Universidad de Bogotá Jorge Tadeo Lozano :  |b Universidad Santo Tomás,  |c 2022, c2022 
300 |a 623 p. 
336 |a texto  |b txt  |2 rdacontenido 
337 |a sin mediación  |b n  |2 rdamedio 
338 |a volumen  |b nc  |2 rdasoporte 
521 |a FIL 2023 DIA 
649 |a XX 
650 |a Industria del Vestido -  |z Colombia 
650 |a Arreglo y Cuidado Personal -  |z Colombia 
650 |a Cuerpo Humano -  |z Colombia -  |x Aspectos Sociales y Culturales 
650 |a Estilismo -  |z Colombia 
650 |a Diseño de Moda -  |z Colombia 
650 |a Moda -  |z Colombia -  |x Historia 
650 |a Moda -  |z Colombia -  |x Industria y Comercio 
650 |a Moda -  |z Colombia -  |x Exposiciones 
650 |a Moda -  |z Colombia -  |x Estudio y Enseñanza 
650 |a Moda -  |z Colombia -  |x Tema Principal 
650 |a Prácticas Culturales -  |z Colombia 
650 |a Sociología de la Cultura 
910 |a Fondo General 
920 |a Impresos - Libros 
930 |a Colección General 
905 |a 101 
901 |a 0500389720  |b IT1  |c ACC  |i C183593  |u 20250521 
902 |a https://opac.biblio.iteso.mx/vufind/Record/000576721